[Event "TCh-TUR 2011"]
[Site "Konya TUR"]
[Date "2011.07.02"]
[Round "5"]
[White "Guney, Gamze Nur"]
[Black "Yaka, Beyza"]
[Result "1-0"]
[WhiteElo "1731"]
[BlackElo "1525"]
[WhiteTeam "Gazi Universitesi S.K."]
[BlackTeam "Turk Hava Yollari S.K."]
[WhiteFideId "6338879"]
[BlackFideId "6303641"]
[EventDate "2011.06.28"]

1. d4 d5 2. c4 e6 3. Nf3 Nf6 4. Qc2 Be7 5. Nc3 Nbd7 6. e3 O-O 7. b3 c5 8. Bd3 h6
9. O-O Qc7 10. Ba3 b6 11. cxd5 exd5 12. Na4 Bb7 13. dxc5 bxc5 14. Rac1 Rfc8 15.
Qe2 Qd8 16. Rc2 c4 17. bxc4 Bxa3 18. cxd5 Bxd5 19. e4 Rxc2 20. Bxc2 Be6 21. e5
Ne8 22. Qd3 Bc5 23. Qh7+ Kf8 24. Rd1 Qa5 25. Qe4 Rc8 26. h3 Qb4 27. Nxc5 Qxc5
28. Ba4 Nb6 29. Bxe8 Kxe8 30. Qh7 Qf8 31. Nd4 Rd8 32. Qc2 Bc4 33. Qe4 Qc5 34.
Kh2 Bd5 35. Qh4 Qe7 36. Qf4 Nc4 37. Nf5 Qxe5 38. Qxe5+ Nxe5 39. Nxg7+ Kf8 40.
Nh5 Ke7 41. Nf4 Bxa2 42. Re1 Kd6 43. Ra1 Be6 44. Rxa7 Rd7 45. Ra8 Ng6 46. Ra6+
Ke7 47. Nh5 Rc7 48. Ng3 Rc2 49. Ra7+ Kd8 50. Kg1 Bd5 51. Ra4 Bc6 52. Rd4+ Kc7
53. Nf5 h5 54. Ng3 Rc5 55. Rd2 Nf4 56. f3 h4 57. Ne2 Nh5 58. Kf2 Bb5 59. Nd4 Ba6
60. Ra2 Bb7 61. Re2 Kd6 62. Rd2 Ke5 63. Ne2 Bd5 64. Rb2 f5 65. Rb8 Rc2 66. Re8+
Kf6 67. Ke3 f4+ 68. Kd3 Rc7 69. Rh8 Kg5 70. Rxh5+ Kxh5 71. Nxf4+ Kh6 72. Nxd5
Rd7 73. Ke4 Kg6 74. f4 Rxd5 75. Kxd5 Kf5 76. Kd6 Kxf4 77. Ke6 Kg3 78. Kf5 Kxg2
79. Kg4 Kf2 80. Kxh4 Kf3 81. Kg5 1-0

[Event "TCh-TUR 2011"]
[Site "Konya TUR"]
[Date "2011.07.02"]
[Round "5"]
[White "Solak, Dragan"]
[Black "Mchedlishvili, Mikheil"]
[Result "1-0"]
[WhiteTitle "GM"]
[BlackTitle "GM"]
[WhiteElo "2588"]
[BlackElo "2629"]
[WhiteTeam "Besiktas Jimnastik Kulubu"]
[BlackTeam "Tarsus Zeka Satranc S.K."]
[WhiteFideId "916811"]
[BlackFideId "13600966"]
[EventDate "2011.06.28"]

1. e4 c6 2. c4 e5 3. Nf3 d6 4. d4 Nd7 5. Nc3 Ngf6 6. g3 g6 7. Bg2 Bg7 8. O-O O-O
9. Be3 Ng4 10. Bg5 Qb6 11. h3 exd4 12. Na4 Qa6 13. hxg4 b5 14. Be7 Re8 15. Bxd6
bxa4 16. c5 Rxe4 17. Ng5 Re5 18. Nxf7 Kxf7 19. Qf3+ Kg8 20. Qxc6 Rb8 21. Qc7 Rb5
22. Rac1 d3 23. Bc6 Rexc5 24. Rxc5 Rxc5 25. Bxc5 Nxc5 26. Bd5+ Ne6 27. Rc1 d2
28. Qxc8+ Qxc8 29. Rxc8+ Kf7 30. Bf3 Bxb2 31. Kf1 Nd4 32. Bd1 a3 33. Rc7+ Kf6
34. Rxa7 Bc1 35. Rxh7 Nb5 36. Rd7 Nc3 37. Bb3 g5 38. Rd3 1-0

[Event "TCh-TUR 2011"]
[Site "Konya TUR"]
[Date "2011.07.02"]
[Round "5"]
[White "Arduman, Can"]
[Black "Atakisi, Umut"]
[Result "1/2-1/2"]
[WhiteTitle "IM"]
[BlackTitle "IM"]
[WhiteElo "2349"]
[BlackElo "2370"]
[WhiteTeam "Tarsus Zeka Satranc S.K."]
[BlackTeam "Besiktas Jimnastik Kulubu"]
[WhiteFideId "6300022"]
[BlackFideId "6301037"]
[EventDate "2011.06.28"]

1. Nf3 Nf6 2. c4 g6 3. Nc3 d5 4. cxd5 Nxd5 5. e4 Nxc3 6. bxc3 Bg7 7. Bc4 O-O 8.
Ba3 Nd7 9. O-O c5 10. d4 Qc7 11. Qe2 a6 12. e5 e6 13. Ng5 b5 14. Bd3 Bb7 15. Be4
Bxe4 16. Nxe4 b4 17. cxb4 cxd4 18. f4 Qb6 19. Qd3 f6 20. exf6 Nxf6 21. Nc5 Rfe8
22. Qb3 1/2-1/2

[Event "TCh-TUR 2011"]
[Site "Konya TUR"]
[Date "2011.07.02"]
[Round "5"]
[White "Paichadze, Luka"]
[Black "Yilmazyerli, Mert"]
[Result "1/2-1/2"]
[WhiteTitle "IM"]
[BlackTitle "FM"]
[WhiteElo "2489"]
[BlackElo "2318"]
[WhiteTeam "Tarsus Zeka Satranc S.K."]
[BlackTeam "Besiktas Jimnastik Kulubu"]
[WhiteFideId "13602934"]
[BlackFideId "6305962"]
[EventDate "2011.06.28"]

1. e4 d5 2. exd5 Nf6 3. d4 Bg4 4. Bb5+ Nbd7 5. Be2 Bxe2 6. Qxe2 Nxd5 7. Nf3 e6
8. O-O Be7 9. c4 N5f6 10. Nc3 O-O 11. Rd1 Re8 12. Ne5 Qc8 13. Bf4 Nf8 14. Rd3
Ng6 15. Nxg6 hxg6 16. Rad1 Qd7 17. Be5 Rad8 18. Qf3 c6 19. h4 b5 20. cxb5 cxb5
21. Bxf6 Bxf6 22. h5 gxh5 23. Qxh5 g6 24. Qxb5 Qxb5 25. Nxb5 Rd7 26. Nc3 Red8
27. Kf1 Rxd4 28. Ke2 1/2-1/2

[Event "TCh-TUR 2011"]
[Site "Konya TUR"]
[Date "2011.07.02"]
[Round "5"]
[White "Emiroglu, Cankut"]
[Black "Uzun, Sarp"]
[Result "1/2-1/2"]
[WhiteElo "2216"]
[BlackElo "1967"]
[WhiteTeam "Besiktas Jimnastik Kulubu"]
[BlackTeam "Tarsus Zeka Satranc S.K."]
[WhiteFideId "6306659"]
[BlackFideId "6310362"]
[EventDate "2011.06.28"]

1. e4 c5 2. Nf3 d6 3. d4 cxd4 4. Qxd4 Nc6 5. Bb5 Bd7 6. Bxc6 Bxc6 7. Nc3 Nf6 8.
Bg5 e6 9. O-O-O Be7 10. Qd3 Qa5 11. Bd2 Rc8 12. Kb1 Qc5 13. Be3 Qb4 14. Nd4 a6
15. f4 O-O 16. h3 Nd7 17. a3 Qa5 18. e5 d5 19. Nb3 Qc7 20. Bd4 b5 21. g4 a5 22.
Nxb5 Bxb5 23. Qxb5 Qxc2+ 24. Ka1 Rb8 25. Qxd7 Bxa3 26. bxa3 Rxb3 27. Qd6 Rfb8
28. Qc5 Qe4 29. Rc1 h6 30. Rhe1 Qd3 31. Re3 Rb1+ 32. Ka2 Qd2+ 33. Rc2 Qd1 34.
Qc3 Ra1+ 35. Qxa1 Qxc2+ 36. Bb2 Qc4+ 37. Kb1 Qf1+ 1/2-1/2

[Event "TCh-TUR 2011"]
[Site "Konya TUR"]
[Date "2011.07.02"]
[Round "5"]
[White "Tulay, Seray"]
[Black "Birgelir, Melisa"]
[Result "1-0"]
[WhiteElo "1778"]
[BlackElo "1735"]
[WhiteTeam "Tarsus Zeka Satranc S.K."]
[BlackTeam "Besiktas Jimnastik Kulubu"]
[WhiteFideId "6307787"]
[BlackFideId "6300308"]
[EventDate "2011.06.28"]

1. e4 e5 2. Nf3 Nc6 3. Bb5 a6 4. Ba4 Nf6 5. O-O b5 6. Bb3 Be7 7. Re1 d6 8. c3
Na5 9. Bc2 c5 10. h3 Bd7 11. d4 Qc7 12. d5 h6 13. b3 Qb8 14. Nbd2 g5 15. g4 Rg8
16. Nh2 Qc8 17. Kg2 Nb7 18. Bb2 a5 19. Qe2 Qc7 20. Nhf1 Rh8 21. Ne3 Qb6 22. Ndf1
h5 23. f3 h4 24. Kh2 Ra7 25. a4 Ra8 26. axb5 Bxb5 27. Nc4 Bxc4 28. Qxc4 Nd7 29.
Ne3 Qa6 30. Bd3 Qxc4 31. Bxc4 Nb6 32. Bb5+ Kd8 33. Nf5 Bf8 34. Bc1 Kc7 35. Bxg5
Nd8 36. Bxh4 Bh6 37. Re2 Bf4+ 38. Kg2 Bh6 39. Bf6 Rh7 40. h4 Bf8 41. Bxd8+ Kxd8
42. Rea2 Be7 43. Nxe7 Kxe7 44. h5 Rg8 45. Kf2 Kf6 46. Rxa5 Rb8 47. c4 Kg5 48.
Ra7 Kf6 49. Kg3 Rhh8 50. Kh4 Rhg8 51. Bc6 Nc8 52. Rb7 Ne7 53. g5+ 1-0

[Event "TCh-TUR 2011"]
[Site "Konya TUR"]
[Date "2011.07.02"]
[Round "5"]
[White "Gurcan, Selim"]
[Black "Sengul, Cengiz"]
[Result "1/2-1/2"]
[WhiteTitle "FM"]
[WhiteElo "2240"]
[BlackElo "2225"]
[WhiteTeam "Bursa Tophane Meslek Lisesi S.K."]
[BlackTeam "Mersin Ezgi Satranc Kulubu"]
[WhiteFideId "6300383"]
[BlackFideId "6302785"]
[EventDate "2011.06.28"]

1. e4 e5 2. Nf3 Nc6 3. Bb5 a6 4. Ba4 Nf6 5. O-O Be7 6. Re1 b5 7. Bb3 d6 8. c3
O-O 9. h3 Na5 10. Bc2 c5 11. d4 Nd7 12. Nbd2 exd4 13. cxd4 Nc6 14. d5 Nce5 15.
Nxe5 Nxe5 16. f4 Ng6 17. Nf3 Bh4 18. Rf1 Bg3 19. f5 Ne5 20. Ng5 Nd7 21. Qg4 Be5
22. Qh5 Nf6 23. Qh4 Re8 24. g4 Nd7 25. Qf2 h6 26. Nf3 f6 27. h4 Kf7 28. Rb1 a5
29. Be3 Ba6 30. Kg2 Rh8 31. Rh1 Qb6 32. g5 h5 33. Rhg1 Rag8 34. Kh1 b4 35. Rg2
Bb5 36. gxf6 gxf6 37. Rbg1 Qa6 38. Rxg8 Rxg8 39. Rxg8 Kxg8 40. Qg2+ Kf7 41. Qg6+
Ke7 42. Ng5 Kd8 43. Ne6+ Kc8 44. Kg1 Bd4 45. Nxd4 cxd4 46. Bxd4 Bd3 47. Ba4 Bb5
48. Bxb5 Qxb5 49. Bxf6 Qc5+ 50. Kg2 Qc2+ 51. Kf3 Qd3+ 1/2-1/2

[Event "TCh-TUR 2011"]
[Site "Konya TUR"]
[Date "2011.07.02"]
[Round "5"]
[White "Duman, Aydin"]
[Black "Korkmaz, Necmettin"]
[Result "1/2-1/2"]
[WhiteElo "2188"]
[BlackElo "2189"]
[WhiteTeam "Mersin Ezgi Satranc Kulubu"]
[BlackTeam "Bursa Tophane Meslek Lisesi S.K."]
[WhiteFideId "6301304"]
[BlackFideId "6303285"]
[EventDate "2011.06.28"]

1. e4 e6 2. d4 d5 3. Nc3 Nf6 4. e5 Nfd7 5. f4 c5 6. Nf3 Nc6 7. Be3 Qb6 8. Na4
Qa5+ 9. c3 c4 10. b4 Qc7 11. g3 b5 12. Nc5 a5 13. a3 Nxc5 14. dxc5 Qa7 15. Nd4
Nxd4 16. Qxd4 axb4 17. cxb4 Be7 18. Bg2 f6 19. O-O O-O 20. a4 bxa4 21. b5 Qa5
22. Rfb1 Rb8 23. f5 Kh8 24. b6 Bb7 25. fxe6 fxe5 26. Qxe5 Bf6 27. Qd6 Bxa1 28.
e7 Rfe8 29. Rf1 Bf6 30. c6 Bxc6 31. Qxc6 d4 32. Bf4 1/2-1/2

[Event "TCh-TUR 2011"]
[Site "Konya TUR"]
[Date "2011.07.02"]
[Round "5"]
[White "Bolat, Ahmet"]
[Black "Komut, Burak"]
[Result "1-0"]
[WhiteElo "2074"]
[BlackElo "1980"]
[WhiteTeam "Mersin Ezgi Satranc Kulubu"]
[BlackTeam "Bursa Tophane Meslek Lisesi S.K."]
[WhiteFideId "6327923"]
[BlackFideId "6309984"]
[EventDate "2011.06.28"]

1. d4 d5 2. Nc3 Nf6 3. Bg5 Nbd7 4. f3 e6 5. e4 h6 6. Bh4 dxe4 7. fxe4 Be7 8. e5
Nd5 9. Bxe7 Qxe7 10. Qd2 Nxc3 11. bxc3 b6 12. Nf3 Bb7 13. Bd3 O-O-O 14. O-O f5
15. exf6 gxf6 16. Qe2 Rhg8 17. Bc4 Rge8 18. Rae1 e5 19. Nh4 Qf8 20. Qf2 Kb8 21.
Nf5 exd4 22. cxd4 Be4 23. c3 h5 24. Ng3 Bg6 25. Qf3 Qa3 26. Be6 h4 27. Nf5 Rh8
28. Qc6 1-0

[Event "TCh-TUR 2011"]
[Site "Konya TUR"]
[Date "2011.07.02"]
[Round "5"]
[White "Mutlu, Beste"]
[Black "Sanal, Suna"]
[Result "1-0"]
[WhiteElo "1548"]
[BlackElo "1685"]
[WhiteTeam "Mersin Ezgi Satranc Kulubu"]
[BlackTeam "Bursa Tophane Meslek Lisesi S.K."]
[WhiteFideId "6325050"]
[BlackFideId "6315380"]
[EventDate "2011.06.28"]

1. e4 c5 2. Nf3 e6 3. Nc3 a6 4. g3 b5 5. a3 Bb7 6. d3 d6 7. Bg2 Nd7 8. O-O Ngf6
9. Ne1 Qc7 10. f4 Be7 11. Bd2 O-O 12. g4 Nb6 13. g5 Nfd7 14. Qh5 Rfe8 15. f5 d5
16. fxe6 fxe6 17. Rf7 Nf8 18. exd5 g6 19. Qf3 Nxd5 20. Ne4 Qe5 21. c4 bxc4 22.
dxc4 Qd4+ 23. Kh1 Qxc4 24. Nd3 Qb3 25. Rf1 c4 26. Qh3 Qxd3 27. Qh6 Qd4 28. R1f6
Bxf6 29. gxf6 1-0

[Event "TCh-TUR 2011"]
[Site "Konya TUR"]
[Date "2011.07.02"]
[Round "5"]
[White "Vatansever, Buse"]
[Black "Ulusoy, Nisan"]
[Result "0-1"]
[WhiteElo "1585"]
[BlackElo "1585"]
[WhiteTeam "Mersin Ezgi Satranc Kulubu"]
[BlackTeam "Bursa Tophane Meslek Lisesi S.K."]
[WhiteFideId "6324746"]
[BlackFideId "6322247"]
[EventDate "2011.06.28"]

1. e4 c5 2. Nf3 d6 3. d4 cxd4 4. Nxd4 Nf6 5. Nc3 g6 6. Be2 Bg7 7. Be3 O-O 8. O-O
Nc6 9. Nb3 Be6 10. f4 Rc8 11. Bf3 Nd7 12. Rb1 Nb6 13. Nd5 Nc4 14. Bc1 Bxd5 15.
exd5 Qb6+ 16. Kh1 Nb4 17. c3 Nxa2 18. Bd2 Nxd2 19. Nxd2 Rc5 20. Ne4 Rb5 21. Qc2
Rc8 22. Qd2 Nxc3 23. Nxc3 Bxc3 24. Qe2 Rc7 25. f5 Rxb2 26. Rxb2 Qxb2 27. Qe3 a5
28. fxg6 hxg6 29. Be4 Bf6 30. g4 Be5 31. Qh6 Qe2 32. Bg2 Rc2 33. Rg1 Bd4 34. Bf1
Qf3+ 35. Bg2 Rxg2 0-1

[Event "TCh-TUR 2011"]
[Site "Konya TUR"]
[Date "2011.07.02"]
[Round "5"]
[White "Guliev, Logman"]
[Black "Sanikidze, Tornike"]
[Result "1/2-1/2"]
[WhiteTitle "IM"]
[BlackTitle "GM"]
[WhiteElo "2459"]
[BlackElo "2524"]
[WhiteTeam "Yapi Kredi Spor Kulubu"]
[BlackTeam "Yesilkoy Spor Kulubu"]
[WhiteFideId "13400061"]
[BlackFideId "13602608"]
[EventDate "2011.06.28"]

1. e4 e5 2. Nf3 Nc6 3. Bb5 a6 4. Ba4 Nf6 5. O-O Be7 6. Qe2 b5 7. Bb3 d6 8. c3
O-O 9. d4 Bg4 10. Rd1 Qc8 11. a3 Na5 12. Bc2 c5 13. dxe5 dxe5 14. h3 Bh5 15.
Nbd2 Qe6 16. Nf1 Nb3 17. Bxb3 Qxb3 18. Bg5 Bxf3 19. Qxf3 Rfd8 1/2-1/2

[Event "TCh-TUR 2011"]
[Site "Konya TUR"]
[Date "2011.07.02"]
[Round "5"]
[White "Guner, Bulent"]
[Black "Afyoncu, Omer"]
[Result "0-1"]
[WhiteElo "2135"]
[BlackElo "2112"]
[WhiteTeam "Yapi Kredi Spor Kulubu"]
[BlackTeam "Yesilkoy Spor Kulubu"]
[WhiteFideId "6300553"]
[BlackFideId "6305989"]
[EventDate "2011.06.28"]

1. d4 Nf6 2. c4 e6 3. g3 Be7 4. Bg2 O-O 5. Nc3 d5 6. Nf3 Ne4 7. O-O f5 8. Ne5 c6
9. Nxe4 dxe4 10. Be3 c5 11. f4 Qc7 12. Qc2 Nd7 13. Rfd1 Nxe5 14. dxe5 Bd7 15. a4
Rfd8 16. Rd2 Rac8 17. b3 Bc6 18. Rad1 Rxd2 19. Rxd2 a6 20. g4 g6 21. g5 Kf7 22.
Rd1 Rh8 23. h4 h6 24. Kf2 Qc8 25. Rh1 hxg5 26. fxg5 Rh5 27. Kg3 Qh8 28. Qc3 Qg7
29. Bf4 Rh8 30. Rd1 Qh7 31. Rh1 Qh5 32. Kf2 b5 33. axb5 axb5 34. Bg3 b4 35. Qe3
Ra8 36. Rd1 Qh8 37. Qd2 Rd8 38. Qc2 Rxd1 39. Qxd1 f4 40. Bxf4 Qxh4+ 41. Ke3 Bxg5 0-1

[Event "TCh-TUR 2011"]
[Site "Konya TUR"]
[Date "2011.07.02"]
[Round "5"]
[White "Deviren, Erdi"]
[Black "Burcu, Cagatay"]
[Result "1/2-1/2"]
[WhiteElo "1927"]
[BlackElo "1883"]
[WhiteTeam "Yesilkoy Spor Kulubu"]
[BlackTeam "Yapi Kredi Spor Kulubu"]
[WhiteFideId "6319831"]
[BlackFideId "6310630"]
[EventDate "2011.06.28"]

1. e4 e6 2. d4 d5 3. Nc3 Bb4 4. exd5 exd5 5. Bd3 Nf6 6. Ne2 O-O 7. O-O Bg4 8. f3
Bh5 9. Nf4 Bg6 10. Nxg6 fxg6 11. a3 Be7 12. Ne2 Bd6 13. c3 c6 14. Qc2 Qc7 15. g4
Bxh2+ 16. Kg2 Bd6 17. Rh1 Qf7 18. Ng1 Nbd7 19. Nh3 Rfe8 20. Bd2 Nf8 21. Ng5 Qd7
22. Rh3 h6 23. Rah1 hxg5 24. Bxg6 Nxg6 25. Qxg6 Kf8 26. Rh8+ Ng8 27. Rxg8+ Kxg8
28. Qh7+ Kf7 29. Qh5+ Kf8 30. Qh8+ Kf7 31. Qh5+ Kf8 32. Qh8+ Kf7 1/2-1/2

[Event "TCh-TUR 2011"]
[Site "Konya TUR"]
[Date "2011.07.02"]
[Round "5"]
[White "Ergene, Mertcan"]
[Black "Arat, Ufuk Sezen"]
[Result "0-1"]
[WhiteElo "1731"]
[BlackElo "2053"]
[WhiteTeam "Yesilkoy Spor Kulubu"]
[BlackTeam "Yapi Kredi Spor Kulubu"]
[WhiteFideId "6342345"]
[BlackFideId "6309089"]
[EventDate "2011.06.28"]

1. d4 Nf6 2. Nf3 g6 3. Bg5 Bg7 4. Nbd2 d6 5. e4 O-O 6. Bc4 h6 7. Bh4 g5 8. Bg3
e6 9. O-O Nh5 10. c3 Nxg3 11. hxg3 Nd7 12. Re1 Re8 13. Nf1 Nf8 14. g4 Ng6 15. g3
d5 16. Bd3 dxe4 17. Bxe4 Nf8 18. Ne3 Nd7 19. Bc2 b6 20. Qe2 Bb7 21. Nc4 Nf6 22.
Nce5 c5 23. Ba4 Rf8 24. Bc6 Bxc6 25. Nxc6 Qc7 26. Nce5 Rad8 27. Rad1 Rd5 28.
dxc5 Qxc5 29. Rxd5 Qxd5 30. c4 Qa8 31. b3 Qc8 32. Rd1 Rd8 33. Rxd8+ Qxd8 34. Qd2
Qxd2 35. Nxd2 Ne4 36. Nxe4 Bxe5 37. Kg2 f5 38. gxf5 exf5 39. Nd2 g4 40. Kf1 Kf7
41. Ke2 Ke6 42. Ke3 a5 43. Nb1 Bb2 44. a3 Be5 45. Ke2 Bd6 46. Nc3 Bxa3 47. Nd5
Bc5 48. Nf4+ Ke5 49. Kd2 Ke4 50. Ke2 Kd4 51. Kd2 Bb4+ 52. Ke2 Kc3 53. Nd5+ Kxb3
54. Nxb6 Bc5 55. Nd7 Kxc4 56. Ne5+ Kd5 57. Nd3 a4 58. Nc1 a3 59. f3 Kc4 60. fxg4
fxg4 61. Kd2 Bd6 62. Kc2 Bxg3 63. Ne2 Be5 0-1

[Event "TCh-TUR 2011"]
[Site "Konya TUR"]
[Date "2011.07.02"]
[Round "5"]
[White "Keskin, Suara"]
[Black "Tandogan, Buket"]
[Result "1-0"]
[WhiteElo "1693"]
[BlackElo "1548"]
[WhiteTeam "Yapi Kredi Spor Kulubu"]
[BlackTeam "Yesilkoy Spor Kulubu"]
[WhiteFideId "6332650"]
[BlackFideId "6321070"]
[EventDate "2011.06.28"]

1. e4 c5 2. Nf3 Nc6 3. c3 Nf6 4. d3 Qc7 5. Nbd2 e6 6. g3 d5 7. Qc2 Be7 8. Bg2
O-O 9. O-O Rd8 10. Re1 b5 11. Nf1 Bb7 12. Bf4 e5 13. Bd2 d4 14. Red1 Qd7 15. c4
a6 16. a3 Rab8 17. b3 Qc7 18. h3 Nd7 19. N1h2 Nb6 20. Kh1 bxc4 21. bxc4 a5 22.
Ng1 Bd6 23. Ne2 a4 24. f4 Ra8 25. Rf1 Na5 26. Bxa5 Rxa5 27. Qd2 Raa8 28. f5 f6
29. g4 Be7 30. h4 Nd7 31. g5 Kf7 32. Ng3 Qa5 33. Qe2 Kg8 34. Qh5 Bf8 35. Ng4 Qa6
36. Rg1 Re8 37. gxf6 Nxf6 38. Nxf6+ Qxf6 39. Qg4 Ra6 40. Nh5 Qf7 41. Bh3 Rh6 42.
Ng3 Bc8 43. Rg2 Kh8 44. Rag1 Be7 45. h5 Rg8 46. Rh2 g6 47. hxg6 hxg6 48. Qe2 Qf8
49. Bg4 Kh7 50. fxg6+ Rxg6 51. Nf5 Bg5 52. Nxh6 Bxh6 53. Bxc8 Rxg1+ 54. Kxg1
Qxc8 55. Qh5 Qe6 56. Qf5+ Qxf5 57. exf5 Kg7 58. Kf2 Bc1 59. Kf3 Kf6 60. Ke4 Bxa3
61. Ra2 Bc1 62. Rxa4 Bf4 63. Ra5 Bg3 64. Rxc5 Bf4 65. Rd5 Bg3 66. c5 1-0

[Event "TCh-TUR 2011"]
[Site "Konya TUR"]
[Date "2011.07.02"]
[Round "5"]
[White "Ibrahimov, Rasul"]
[Black "Esen, Baris"]
[Result "1/2-1/2"]
[WhiteTitle "GM"]
[BlackTitle "GM"]
[WhiteElo "2532"]
[BlackElo "2553"]
[WhiteTeam "Deniz Genclik S.K."]
[BlackTeam "Adana Truva Satranc S.K."]
[WhiteFideId "13400495"]
[BlackFideId "6302114"]
[EventDate "2011.06.28"]

1. Nf3 d5 2. d4 Nf6 3. c4 c6 4. Nc3 e6 5. Bg5 Nbd7 6. e3 Qa5 7. Nd2 Bb4 8. Qc2
O-O 9. Be2 c5 10. O-O cxd4 11. exd4 dxc4 12. Bh4 Nb6 13. Nxc4 Nxc4 14. Bxc4 Bd7
15. Bxf6 gxf6 16. d5 Bxc3 17. dxe6 Bxe6 18. Bxe6 fxe6 19. bxc3 1/2-1/2

[Event "TCh-TUR 2011"]
[Site "Konya TUR"]
[Date "2011.07.02"]
[Round "5"]
[White "Kose, Serkan"]
[Black "Erdogdu, Mert"]
[Result "1/2-1/2"]
[BlackTitle "IM"]
[WhiteElo "2150"]
[BlackElo "2434"]
[WhiteTeam "Deniz Genclik S.K."]
[BlackTeam "Adana Truva Satranc S.K."]
[WhiteFideId "6301584"]
[BlackFideId "6301495"]
[EventDate "2011.06.28"]

1. e4 c5 2. c3 d5 3. exd5 Qxd5 4. d4 Nf6 5. Nf3 Bg4 6. Be2 e6 7. O-O Nc6 8. h3
Bh5 9. Be3 cxd4 10. cxd4 Be7 11. Nc3 Qd6 12. Nb5 Qb8 13. Rc1 O-O 14. Ne5 Bxe2
15. Qxe2 Nxe5 16. Bf4 a6 17. Bxe5 Qd8 18. Nc7 Rc8 19. Qf3 Nd5 20. Qg4 Nf6 21.
Qf3 Nd5 22. Qg4 Nf6 23. Qg3 g6 24. Qb3 Nd7 25. Rfd1 b5 26. Bf4 Nb6 27. Nxa6 Qd5
28. Nc7 Qxb3 29. axb3 Nd5 30. Be5 f6 31. Bg3 Nxc7 32. Bxc7 Kf7 33. d5 exd5 34.
Rxd5 Rfd8 35. Bxd8 Rxc1+ 36. Kh2 Ke6 37. Rd2 Bxd8 38. Rxd8 Rc2 39. Rb8 Rxf2 40.
Rxb5 g5 41. Kg3 Rf4 42. Kh2 h5 43. g3 Rf2+ 44. Kg1 Rxb2 45. h4 g4 46. Rxh5 Rxb3
47. Kg2 Rb2+ 48. Kg1 f5 49. Rh8 f4 50. gxf4 Kf5 51. Ra8 g3 52. Rg8 Kxf4 53. h5
Rb1+ 54. Kg2 Rb2+ 55. Kg1 Rb1+ 56. Kg2 Rb2+ 1/2-1/2

[Event "TCh-TUR 2011"]
[Site "Konya TUR"]
[Date "2011.07.02"]
[Round "5"]
[White "Dzagnidze, Nana"]
[Black "Kazimova, Narmin Nizami qizi"]
[Result "0-1"]
[WhiteTitle "GM"]
[BlackTitle "WIM"]
[WhiteElo "2557"]
[BlackElo "2262"]
[WhiteTeam "Adana Truva Satranc S.K."]
[BlackTeam "Deniz Genclik S.K."]
[WhiteFideId "13601903"]
[BlackFideId "13402951"]
[EventDate "2011.06.28"]

1. d4 Nf6 2. c4 e6 3. Nc3 Bb4 4. Qc2 O-O 5. a3 Bxc3+ 6. Qxc3 b6 7. Bg5 Bb7 8. e3
d6 9. Ne2 Nbd7 10. Qd3 c5 11. Nc3 a6 12. Be2 Qc8 13. d5 exd5 14. cxd5 h6 15. Bh4
b5 16. b4 cxb4 17. axb4 Nxd5 18. Nxd5 Bxd5 19. Qd4 Re8 20. O-O Qb7 21. f3 Nb6
22. Rfe1 Bc4 23. Bd1 Nd5 24. Qd2 Qc6 25. Bc2 Ne7 26. Rad1 Rad8 27. Bb1 Rd7 28.
Qd4 Ng6 29. Bg3 d5 30. e4 Nf8 31. f4 dxe4 32. Bxe4 Rxe4 33. Rxe4 Rxd4 34. Rexd4
Ne6 0-1

[Event "TCh-TUR 2011"]
[Site "Konya TUR"]
[Date "2011.07.02"]
[Round "5"]
[White "Topak, Engin"]
[Black "Vovk, Andrey"]
[Result "0-1"]
[WhiteTitle "FM"]
[BlackTitle "GM"]
[WhiteElo "2306"]
[BlackElo "2545"]
[WhiteTeam "Deniz Genclik S.K."]
[BlackTeam "Adana Truva Satranc S.K."]
[WhiteFideId "6300324"]
[BlackFideId "14114470"]
[EventDate "2011.06.28"]

1. d4 Nf6 2. c4 g6 3. Nc3 Bg7 4. e4 d6 5. Nf3 O-O 6. h3 e5 7. d5 a5 8. Be2 Na6
9. Bg5 Qe8 10. Nd2 Nd7 11. a3 f6 12. Bh4 Nb6 13. b3 Bd7 14. O-O Bh6 15. Rb1 Nc5
16. Qc2 f5 17. f3 Be3+ 18. Bf2 Bxf2+ 19. Rxf2 fxe4 20. Ndxe4 Nxe4 21. fxe4 Rxf2
22. Kxf2 Qe7 23. Qd2 Rf8+ 24. Kg1 Rf4 25. Qe3 Qg5 26. Kh2 Qe7 27. Rc1 Nc8 28. b4
axb4 29. axb4 b6 30. c5 dxc5 31. d6 cxd6 32. Nd5 Qf7 33. Nxf4 Qxf4+ 34. Qxf4
exf4 35. Ba6 Kf7 36. bxc5 bxc5 37. Rf1 Ke6 38. Rxf4 Nb6 39. Bb7 Ke5 40. Rf1 Be6
41. Kg3 Nc4 42. Rd1 Ne3 43. Rd3 Nc2 44. Kf2 Nb4 45. Rf3 c4 46. Ke2 Kd4 47. Rf6
Nd3 48. Kd1 Nc5 49. Bd5 Bxd5 50. exd5 Ne4 51. Rf7 h5 52. h4 Nc3+ 53. Kd2 Nxd5
54. Rg7 c3+ 55. Kc1 Nf4 56. g3 Nd3+ 57. Kc2 Ne5 58. Rc7 Nc4 59. Rg7 Ne3+ 60. Kc1
Kd3 61. Rxg6 d5 62. Rg5 d4 63. Rxh5 Ke2 64. Re5 0-1

[Event "TCh-TUR 2011"]
[Site "Konya TUR"]
[Date "2011.07.02"]
[Round "5"]
[White "Coban, Mete Sadik"]
[Black "Olcum, Ahmet"]
[Result "1-0"]
[WhiteElo "1922"]
[BlackElo "1920"]
[WhiteTeam "Adana Truva Satranc S.K."]
[BlackTeam "Deniz Genclik S.K."]
[WhiteFideId "6309615"]
[BlackFideId "6311393"]
[EventDate "2011.06.28"]

1. e4 d6 2. d4 Nf6 3. Nc3 g6 4. g3 Bg7 5. Bg2 Na6 6. Nge2 O-O 7. O-O c5 8. h3
cxd4 9. Nxd4 Nc5 10. Be3 Bd7 11. Qd2 Rc8 12. f4 a5 13. g4 b5 14. e5 b4 15. exf6
bxc3 16. Qxc3 Bxf6 17. Qd2 Qc7 18. c4 Rb8 19. b3 Rfd8 20. f5 Bg7 21. Bg5 Re8 22.
Rae1 e5 23. Nc2 f6 24. Bh6 Bc6 25. Bd5+ Kh8 26. Bxg7+ Kxg7 27. g5 Rf8 28. fxg6
f5 29. gxh7 Ne4 30. Bxe4 Bxe4 31. Ne3 Kxh7 32. Qf2 Kg6 33. h4 Qh7 34. Ng2 Qh5
35. Qg3 Rf7 36. Rd1 Rd8 37. Rde1 Rdf8 38. Rf4 Bxg2 39. Kxg2 exf4 40. Re6+ Kg7
41. Qxf4 Qg4+ 42. Qxg4 fxg4 43. h5 Rf2+ 44. Kg3 R2f3+ 45. Kg2 Rd3 46. h6+ Kh7
47. Re7+ Kg6 48. Rg7+ Kh5 49. h7 g3 50. Kh3 Rh8 51. g6 Re3 52. Rg8 Re7 53. Rxh8
Kxg6 54. Kxg3 Re2 55. Ra8 Kxh7 56. Rxa5 Kg7 57. Rd5 Rxa2 58. Rxd6 Rb2 59. Rb6
Rd2 60. Kf3 Kf7 61. Ke3 Rb2 62. Kd4 Ke7 63. Kc5 Kd7 64. Rd6+ Kc7 65. Rd3 Rh2 66.
b4 Rh5+ 67. Rd5 Rh4 68. b5 Rg4 69. Rh5 Rg7 70. b6+ Kc8 71. Kb5 Rg1 72. c5 Kd7
73. Rh7+ Ke6 74. Kc6 Rc1 75. b7 Rb1 76. Rh8 1-0